01157 2200457 4500001002100000005001500021035002000036245007300056100001500129250000600144300003200150700001100182260003600193082001000229084001700239020002300256650003600279990001700315990001700332990001600349990001600365990001700381990001700398990001600415990001600431990001700447990001700464990001700481990001600498990001600514990001700530990001700547990001700564990001600581990001700597990001700614990001700631990001700648990001700665990001700682INLIS00000000000005120180810112107 a0010-08180000151 aSalman Al Farisi Pencari Kebenaran /cS. Hidayat; Ilustrator, Iwan D0 aS. Hidayat a- a104 hlm. :bilus. ;c21 cm.0 aIwan D aBandung :bCV Jaya Abadi,c2009 a2X1.6 a2X1.6 HID s a978-979-915-319-17 aCerita dan kisah dalam Al'quran a00211/P/2018 a00212/P/2018 a3000/P/2018 a1653/P/2018 a00211/P/2018 a00212/P/2018 a1654/P/2018 a1655/P/2018 a01655/P/2018 a00211/P/2018 a00212/P/2018 a1653/P/2018 a1654/P/2018 a01654/P/2018 a00211/P/2018 a00212/P/2018 a1653/P/2018 a01655/P/2018 a01653/P/2018 a00211/P/2018 a00212/P/2018 a01654/P/2018 a01655/P/2018